01809nam a2200373 i 4500001001000000003000900010005001700019007000300036008004100039020001500080040003000095041000800125082002400133100005000157245005100207250002300258264007400281300004500355336002700400337003300427338002600460500005700486590002600543650002800569650003100597910004200628942001400670952016000684952014800844952014800992952013601140952014201276999001701418000011208DO-SdBNP20251029145048.0ta091015s1998 dr a r 000 p spa d a8489953104 aDO-SdBNPbspacBNPHUerda aspa 4aRD861.44bR918m2221 aRueda, Manuel,d1921-1999eautor4aut.92283414aLas metamorfosis de Makandal /cManuel Ruedas. aPrimera edición  4aSanto Domingo :bBanco Central de la República Dominicana,c©1998. a221 páginas :bilustraciones ;c25 cm. atextobtxt2rdacontent asin mediaciónbn2rdamedia avolumenbnc2rdamedia aIncluye datos biográficos del autor en las solapas aInventariado, 2018/BT 4aPoesía dominicana966 4aLiteratura dominicana.967 aValidado. Control de calidad. MMOLINA 2ddccLBS1 00102ddc56708DSaBNPHUbBNPHUcHDd2009-10-15eDonaciónl0oBNPHU DS RD861.44 R918mp11208-30r2020-06-25te. 3w2020-06-25yLBS1ZPréstamo en sala 00102ddc56708DSaBNPHUbBNPHUcHDd2009-10-15l0oBNPHU DS RD861.44 R918mp11208-40r2020-06-25te. 4w2020-06-25yLBS1ZPréstamo en sala 00102ddc56708DSaBNPHUbBNPHUcHDd2013-07-22l0oBNPHU DS RD861.44 R918mp11208-50r2020-06-25te. 5w2020-06-25yLBS1ZPréstamo en sala 00102ddc51708PDaBNPHUbBNPHUcHDd2009-10-15l0oBNPHU PD RD861.44 R918mp11208-10r2020-06-25w2020-06-25yLBS1ZNo se presta 00102ddc51708PDaBNPHUbBNPHUcHDd2009-10-15l0oBNPHU PD RD861.44 R918mp11208-20r2020-06-25te. 2w2020-06-25yLBS1ZNo se presta c10927d10927